• 首页
  • 本馆介绍
  • 公告通知
  • 最新文献
  • 馆藏检索
  • 电子资源
  • 读者导购
  • 参考咨询
  • 我的图书馆
  • 登录
  • 详细信息显示
  • 放入我的书架
  • 预约/预借图书
  • 作者相关作品
  • 分类相关作品
  • 丛书相关作品
  • 出版社相关作品

书目信息

  • 表格格式
  • 工作单格式
  • 卡片格式
题名:
家居设计之本
    
 
作者: 陈烽 著
分册:  
出版信息: 南京   江苏凤凰科学技术出版社  2015.3
页数: 127页
开本: 24cm
丛书名:
单 册:
中图分类: TU241.02
科图分类:
主题词: 住宅--室内装饰设计
电子资源:
ISBN: 978-7-5537-1531-5
000 00889nam0 2200229 450
001 0400003015
005 20171021172639.0
010    @a978-7-5537-1531-5@dCNY39.80
100    @a20150213e20162015em y0chiy50 ea
101 0  @achi
102    @aCN@b320000
105    @aa z 000yy
106    @ar
200 1  @a家居设计之本@9jia ju she ji zhi ben@e户型优化@f陈烽著
210    @a南京@c江苏凤凰科学技术出版社@d2015.3@h2016.7
215    @a127页@c图@d24cm
330    @a本书以案例结合理念,理念结合案例,从不同角度、不同方式全方位阐述家居设计的根本问题,及通过设计实例来展示怎么用设计手法解决家居设计中可能碰到的各种问题。读者看过后能对家居设计有全面的了解,由看热闹进阶到看门道,对各种房型可以自主做基本的分析和常规的布局改造。
606 0  @a住宅@x室内装饰设计
690    @aTU241.02@v5
701  0 @a陈烽@9chen feng@4著
801  0 @aCN@b91MARC@c20171021
905    @b1021294-8@dTU241.02@f5@e1022
    
    家居设计之本:户型优化/陈烽著.-南京:江苏凤凰科学技术出版社,2015.3(2016.7)
    127页:图;24cm
    
    
    ISBN 978-7-5537-1531-5:CNY39.80
    本书以案例结合理念,理念结合案例,从不同角度、不同方式全方位阐述家居设计的根本问题,及通过设计实例来展示怎么用设计手法解决家居设计中可能碰到的各种问题。读者看过后能对家居设计有全面的了解,由看热闹进阶到看门道,对各种房型可以自主做基本的分析和常规的布局改造。
●
相关链接 在E读中查询图书 在五车中查询图书 在当当中查询图书 在豆瓣中查询图书


正题名:家居设计之本     索取号:TU241.02/1022         预约/预借

序号 登录号 条形码 馆藏地/架位号 状态 备注
1 1021294   210212946   第二样本阅览室/ [索取号:TU241.02/1022] 在馆    
2 1021295   210212955   第三借阅区/ [索取号:TU241.02/1022] 在馆    
3 1021296   210212964   第三借阅区/ [索取号:TU241.02/1022] 在馆    
4 1021297   210212973   第三借阅区/ [索取号:TU241.02/1022] 在馆    
5 1021298   210212982   密集书库-生命科学系/ [索取号:TU241.02/1022] 在馆    
唐山师范学院图书馆 欢迎您!
大连网信软件有限公司© 版权所有